La era de la hiperespecialización (Registro nro. 11032)
[ vista simple ]
| 000 -LEADER | |
|---|---|
| fixed length control field | 00386 a2200121 4500 |
| 001 - CONTROL NUMBER | |
| control field | ART_15473 |
| 005 - DATE AND TIME OF LATEST TRANSACTION | |
| control field | 20260410161615.0 |
| 008 - FIXED-LENGTH DATA ELEMENTS--GENERAL INFORMATION | |
| fixed length control field | 260409a |
| 100 1# - MAIN ENTRY--PERSONAL NAME | |
| Personal name | Malone, Thomas W. |
| 245 10 - TITLE STATEMENT | |
| Title | La era de la hiperespecialización |
| 700 1# - ADDED ENTRY--PERSONAL NAME | |
| Personal name | Laubacher, Robert J. |
| 773 0# - HOST ITEM ENTRY | |
| Title | Harvard Business Review |
| Related parts | Cómo hacer más (y mejor) - Vol. 89, Nº 7 (ago. 2011) |
| Record control number | REV340 |
No hay ítems disponibles.